[Event "Bulgaria tch 2005"]
[Site "Sunny Beach BUL"]
[Date "2005.09.26"]
[Round "1.1"]
[White "Savchenko, Stanislav"]
[Black "Angelov, Angel"]
[Result "1-0"]
[WhiteElo "2506"]
[BlackElo "2222"]
[PlyCount "85"]
[EventDate "2005.09.26"]
[EventType "team"]
[EventRounds "7"]
[EventCountry "BUL"]
[Source "lmi"]
[SourceDate "2005.10.02"]

1. d4 c5 2. d5 f5 3. e4 fxe4 4. Nc3 Nf6 5. Nge2 g6 6. Ng3 Qa5 7. Bd2 e3 8. fxe3
d6 9. Nce4 Qd8 10. Bc3 Bh6 11. Bb5+ Nbd7 12. Bxf6 exf6 13. Nxd6+ Kf8 14. O-O
Ne5 15. Nxc8 Rxc8 16. Be2 Bxe3+ 17. Kh1 Kg7 18. Bg4 Rc7 19. Be6 Re8 20. Qe1 Bh6
21. Ne4 Nd7 22. Qg3 Rf8 23. Nd6 Bd2 24. Rad1 Ba5 25. Nf5+ Kh8 26. d6 Rc6 27.
Ne7 Ne5 28. Nxc6 Nxc6 29. c3 Ne5 30. Rfe1 Kg7 31. h3 h5 32. Qf4 Bb6 33. Qe4 Nc6
34. Bd5 f5 35. Qf4 g5 36. Qf3 Qxd6 37. Bxc6 Qxc6 38. Qxh5 Qg6 39. Re7+ Rf7 40.
Rxf7+ Qxf7 41. Qxg5+ Kh7 42. Rd6 Qg7 43. Qxf5+ 1-0

[Event "Bulgaria tch 2005"]
[Site "Sunny Beach BUL"]
[Date "2005.09.26"]
[Round "1.1"]
[White "Bojkov, Dejan"]
[Black "Jordanov, Nikolay"]
[Result "1-0"]
[WhiteElo "2522"]
[BlackElo "2257"]
[PlyCount "85"]
[EventDate "2005.09.26"]
[EventType "team"]
[EventRounds "7"]
[EventCountry "BUL"]
[Source "lmi"]
[SourceDate "2005.10.02"]

1. e4 d5 2. exd5 Nf6 3. d4 Bg4 4. Nf3 Qxd5 5. Be2 Nc6 6. c4 Qh5 7. Be3 O-O-O 8.
Nbd2 e5 9. d5 e4 10. dxc6 exf3 11. cxb7+ Kb8 12. Qa4 Bc5 13. Nxf3 Rhe8 14. Rd1
Rxd1+ 15. Qxd1 Bxe3 16. fxe3 Rxe3 17. O-O Qc5 18. Kh1 Qe7 19. Bd3 Bxf3 20. gxf3
Nh5 21. Be4 Nf4 22. Re1 Nd3 23. Re2 Rxe4 24. fxe4 Qf6 25. Qg1 Nf4 26. Qg4 Kxb7
27. Re3 Ne6 28. Qf5 Qh6 29. Qb5+ Kc8 30. Qa6+ Kd8 31. Qxa7 Qf4 32. Qb8+ Ke7 33.
Qb4+ Ke8 34. Qe1 h5 35. a4 h4 36. a5 Qd6 37. b4 h3 38. Rxh3 Ng5 39. Rc3 c5 40.
b5 Qd8 41. a6 Qa8 42. Qg3 f6 43. Qd6 1-0

[Event "Bulgaria tch 2005"]
[Site "Sunny Beach BUL"]
[Date "2005.09.26"]
[Round "1.1"]
[White "Minchev, Valentin"]
[Black "Janev, Evgeni"]
[Result "0-1"]
[WhiteElo "2158"]
[BlackElo "2460"]
[PlyCount "108"]
[EventDate "2005.09.26"]
[EventType "team"]
[EventRounds "7"]
[EventCountry "BUL"]
[Source "lmi"]
[SourceDate "2005.10.02"]

1. e4 Nf6 2. e5 Nd5 3. d4 d6 4. Nf3 g6 5. c4 Nb6 6. Nc3 c6 7. exd6 exd6 8. Bg5
f6 9. Qe2+ Kf7 10. Be3 d5 11. b3 Bb4 12. Qc2 Bf5 13. Bd3 Bxd3 14. Qxd3 dxc4 15.
bxc4 Na4 16. Bd2 Re8+ 17. Kf1 Bxc3 18. Bxc3 Na6 19. Rd1 Nxc3 20. Qxc3 Qd7 21.
h3 b5 22. g3 bxc4 23. Qxc4+ Qd5 24. Rc1 Qxc4+ 25. Rxc4 Re6 26. Kg2 Rd8 27. Rhc1
Nb8 28. Ra4 Re7 29. Rb4 Rc7 30. Rcb1 Nd7 31. Rb7 Rdc8 32. Kf1 Nb6 33. Rxc7+
Rxc7 34. Rc1 Ke6 35. Ke2 Nd5 36. Ne1 Kd6 37. Nd3 Re7+ 38. Kd2 Re4 39. Rc4 Re7
40. Nc5 f5 41. a4 f4 42. Nd3 fxg3 43. fxg3 Ne3 44. Rc1 Nf5 45. Rc4 Nxg3 46. Nb4
Rc7 47. Ke3 Nf5+ 48. Ke4 Ne7 49. Na6 Rb7 50. Nb4 Rb8 51. Nd3 Rb3 52. h4 Nd5 53.
h5 Nf6+ 54. Ke3 Nxh5 0-1

[Event "Bulgaria tch 2005"]
[Site "Sunny Beach BUL"]
[Date "2005.09.26"]
[Round "1.1"]
[White "Iotov, Valentin"]
[Black "Mogilarov, Dimitar"]
[Result "1-0"]
[WhiteElo "2447"]
[BlackElo "2189"]
[PlyCount "70"]
[EventDate "2005.09.26"]
[EventType "team"]
[EventRounds "7"]
[EventCountry "BUL"]
[Source "lmi"]
[SourceDate "2005.10.02"]

1. d4 d5 2. Nf3 Nc6 3. c4 e5 4. Nc3 exd4 5. Nxd4 Nxd4 6. Qxd4 dxc4 7. Qxd8+
Kxd8 8. e4 Be6 9. f4 f6 10. Be3 c6 11. O-O-O+ Kc7 12. f5 Bf7 13. Bf4+ Kc8 14.
g4 Be7 15. Be2 Nh6 16. h4 Rd8 17. g5 Ng8 18. e5 Bd5 19. Nxd5 cxd5 20. b3 Ba3+
21. Kb1 fxe5 22. Bxe5 Re8 23. Rxd5 Ne7 24. Ra5 Nxf5 25. Bg4 g6 26. bxc4 b6 27.
Rxa3 Rxe5 28. h5 Kc7 29. Bf3 Rf8 30. Rxa7+ Kd6 31. hxg6 hxg6 32. Rd1+ Kc5 33.
Rc7+ Kb4 34. Kb2 Rc5 35. a3+ Ka4 1-0

[Event "Bulgaria tch 2005"]
[Site "Sunny Beach BUL"]
[Date "2005.09.26"]
[Round "1.1"]
[White "Iliev, Nikolaj"]
[Black "Vasilev, Milen"]
[Result "0-1"]
[WhiteElo "2095"]
[BlackElo "2419"]
[PlyCount "80"]
[EventDate "2005.09.26"]
[EventType "team"]
[EventRounds "7"]
[EventCountry "BUL"]
[Source "lmi"]
[SourceDate "2005.10.02"]

1. e4 c5 2. c3 Nf6 3. e5 Nd5 4. Nf3 e6 5. Bc4 d6 6. d4 Nc6 7. O-O Be7 8. Qe2 a6
9. Bxd5 exd5 10. exd6 Qxd6 11. dxc5 Qxc5 12. Bg5 O-O 13. Bxe7 Nxe7 14. Nbd2 Ng6
15. Nb3 Qc4 16. Nfd4 b5 17. a4 bxa4 18. Qxc4 dxc4 19. Nd2 Bd7 20. Nxc4 Rab8 21.
Rfd1 Rfc8 22. Nd6 Rc7 23. Rd2 Rb6 24. Ne4 f5 25. Ng3 f4 26. Ne4 Ne5 27. Ra2 Nc4
28. Re2 h6 29. f3 Ne3 30. g4 Bb5 31. Nxb5 axb5 32. h4 Rd7 33. Ra1 Rc6 34. Nf2
Rcd6 35. Nh3 Rd1+ 36. Rxd1 Rxd1+ 37. Kh2 Rf1 38. Rf2 Rxf2+ 39. Nxf2 Nc4 40. Nd3
Nxb2 0-1

[Event "Bulgaria tch 2005"]
[Site "Sunny Beach BUL"]
[Date "2005.09.26"]
[Round "1.2"]
[White "Brankov, Krasimir Dimitrov"]
[Black "Delchev, Aleksander"]
[Result "1/2-1/2"]
[WhiteElo "2330"]
[BlackElo "2656"]
[PlyCount "109"]
[EventDate "2005.09.26"]
[EventType "team"]
[EventRounds "7"]
[EventCountry "BUL"]
[Source "lmi"]
[SourceDate "2005.10.02"]

1. d4 Nf6 2. Nf3 e6 3. c4 Bb4+ 4. Bd2 a5 5. g3 d5 6. Qc2 c5 7. cxd5 cxd4 8.
Bxb4 axb4 9. Bg2 O-O 10. Nxd4 Qb6 11. Nb3 exd5 12. O-O Bg4 13. Qd3 Nc6 14. N1d2
Bh5 15. Nf3 Bg6 16. Qd2 Rfe8 17. e3 h6 18. Rfe1 Ra6 19. Nbd4 Ne4 20. Qd1 Na5
21. a3 bxa3 22. bxa3 Nc4 23. Rb1 Qf6 24. Nb5 Nxa3 25. Nxa3 Rxa3 26. Rxb7 Nc5
27. Rb5 Nd3 28. Rf1 Nxf2 29. Kxf2 Bd3 30. Rb3 Bxf1 31. Bxf1 Ra2+ 32. Kg1 g5 33.
Qxd5 Rd8 34. Rb6 Qxb6 35. Qxa2 Qxe3+ 36. Qf2 Qe4 37. Qe2 Qb4 38. Qe3 Rd5 39.
Qe2 Kg7 40. Qe1 Qc5+ 41. Qf2 Qc3 42. Qe2 Rf5 43. Kg2 Qc6 44. g4 Rf4 45. h3 Kg8
46. Qe3 Rb4 47. Be2 Re4 48. Qd3 Qe6 49. Kf2 Qb6+ 50. Kg2 Re3 51. Qd2 Rb3 52.
Qd4 Qb8 53. Qe4 Rb4 54. Qe3 Qd6 55. Qc3 1/2-1/2

[Event "Bulgaria tch 2005"]
[Site "Sunny Beach BUL"]
[Date "2005.09.26"]
[Round "1.2"]
[White "Petkov, Vladimir"]
[Black "Slavov, Dimitar"]
[Result "1-0"]
[WhiteElo "2475"]
[BlackElo "2277"]
[PlyCount "63"]
[EventDate "2005.09.26"]
[EventType "team"]
[EventRounds "7"]
[EventCountry "BUL"]
[Source "lmi"]
[SourceDate "2005.10.02"]

1. d4 d5 2. c4 Bf5 3. Nc3 e6 4. Nf3 c6 5. Bg5 Qb6 6. Qd2 Be7 7. c5 Bxg5 8. Nxg5
Qc7 9. e4 Bg6 10. Bd3 Ne7 11. e5 Bxd3 12. Qxd3 h6 13. Nh3 b6 14. b4 a5 15. cxb6
Qxb6 16. b5 Nf5 17. Rd1 O-O 18. O-O cxb5 19. Nxd5 exd5 20. Qxf5 Nc6 21. Nf4
Nxd4 22. Qd3 Ne6 23. Nxd5 Qb7 24. f4 Rfd8 25. Qf3 Kf8 26. f5 Nc7 27. Nxc7 Qxc7
28. e6 Rxd1 29. Rxd1 Rd8 30. Re1 Re8 31. Qd5 Qc3 32. Qd6+ 1-0

[Event "Bulgaria tch 2005"]
[Site "Sunny Beach BUL"]
[Date "2005.09.26"]
[Round "1.2"]
[White "Dimov, Kiril"]
[Black "Genov, Petar"]
[Result "0-1"]
[WhiteElo "2213"]
[BlackElo "2469"]
[PlyCount "76"]
[EventDate "2005.09.26"]
[EventType "team"]
[EventRounds "7"]
[EventCountry "BUL"]
[Source "lmi"]
[SourceDate "2005.10.02"]

1. d4 Nf6 2. c4 e6 3. Nc3 Bb4 4. a3 Bxc3+ 5. bxc3 c5 6. e3 Nc6 7. Bd3 d6 8. Ne2
e5 9. e4 b6 10. O-O Nd7 11. f4 Ba6 12. Ng3 g6 13. Qa4 Bb7 14. fxe5 cxd4 15.
cxd4 Nxd4 16. exd6 O-O 17. Bf4 Ne6 18. Bh6 Re8 19. Qd1 Ne5 20. Be2 Rc8 21. Rc1
Rc6 22. Qe1 Rxd6 23. Qf2 Qh4 24. Be3 Bxe4 25. Rcd1 Rxd1 26. Rxd1 Bb7 27. a4 Ba6
28. Rf1 Qe7 29. a5 bxa5 30. Bxa7 Bxc4 31. Bxc4 Nxc4 32. Ne4 f5 33. Nc3 Rd8 34.
Nb5 Rd7 35. Rb1 Nd2 36. Rb2 Ne4 37. Qf3 a4 38. Bb6 Qf6 0-1

[Event "Bulgaria tch 2005"]
[Site "Sunny Beach BUL"]
[Date "2005.09.26"]
[Round "1.2"]
[White "Petrov, Marijan"]
[Black "Djonev, Svetozar"]
[Result "1-0"]
[WhiteElo "2406"]
[BlackElo "2200"]
[PlyCount "57"]
[EventDate "2005.09.26"]
[EventType "team"]
[EventRounds "7"]
[EventCountry "BUL"]
[Source "lmi"]
[SourceDate "2005.10.02"]

1. e4 c5 2. Nf3 d6 3. d4 cxd4 4. Nxd4 Nf6 5. Nc3 g6 6. f4 Bg7 7. Bb5+ Nfd7 8.
O-O O-O 9. Be3 a6 10. Be2 Nc6 11. Qd2 Nb6 12. a4 Nxd4 13. Bxd4 e5 14. Be3 exf4
15. Bxf4 Be6 16. Bxd6 Rc8 17. Rad1 Re8 18. e5 Nc4 19. Bxc4 Rxc4 20. Nd5 Rxa4
21. Nc7 h5 22. Qf2 Qc8 23. Nxe8 Qxe8 24. Qb6 Bg4 25. Rd5 Bd7 26. Bc5 Bxe5 27.
Rfd1 Qb8 28. Rxd7 Bxh2+ 29. Kh1 1-0

[Event "Bulgaria tch 2005"]
[Site "Sunny Beach BUL"]
[Date "2005.09.26"]
[Round "1.2"]
[White "Stoilov, Atanas"]
[Black "Drenchev, Petar"]
[Result "1/2-1/2"]
[WhiteElo "2176"]
[BlackElo "2412"]
[PlyCount "111"]
[EventDate "2005.09.26"]
[EventType "team"]
[EventRounds "7"]
[EventCountry "BUL"]
[Source "lmi"]
[SourceDate "2005.10.02"]

1. e4 c5 2. Nf3 Nc6 3. d4 cxd4 4. Nxd4 Nf6 5. Nxc6 bxc6 6. Bd3 d5 7. exd5 cxd5
8. O-O e6 9. c4 Bd6 10. cxd5 Nxd5 11. Qh5 g6 12. Qf3 O-O 13. Nd2 Rb8 14. Ne4
Be5 15. Bg5 f6 16. Bh6 Rf7 17. Bc4 Rxb2 18. Rad1 Rb4 19. Bxd5 exd5 20. Rxd5 Qe7
21. Rfd1 Bc7 22. Qd3 Qe8 23. f3 Rb6 24. Bf4 Kg7 25. Bxc7 Rxc7 26. Nd6 Qg8 27.
Nxc8 Qxc8 28. Rd7+ Rxd7 29. Qxd7+ Qxd7 30. Rxd7+ Kh6 31. Rxa7 g5 32. Kf2 Rb2+
33. Kg3 Kg6 34. h4 gxh4+ 35. Kh3 h5 36. Ra8 Kg7 37. Ra4 Kg6 38. Kh2 Rc2 39. Ra5
Rc1 40. a4 Ra1 41. Ra8 Kf5 42. Ra5+ Kg6 43. Ra8 Kg5 44. Rg8+ Kf4 45. Rh8 Kg5
46. Ra8 f5 47. Rg8+ Kf4 48. Rh8 Kg5 49. Ra8 Kf4 50. Ra5 Ra2 51. Ra8 Ra1 52. Rh8
Kg5 53. Rg8+ Kf4 54. Rh8 Kg5 55. Rg8+ Kf4 56. Rh8 1/2-1/2

[Event "Bulgaria tch 2005"]
[Site "Sunny Beach BUL"]
[Date "2005.09.26"]
[Round "1.3"]
[White "Georgiev, Krum"]
[Black "Arnaudov, G  Petar"]
[Result "1-0"]
[WhiteElo "2468"]
[BlackElo "2207"]
[PlyCount "51"]
[EventDate "2005.09.26"]
[EventType "team"]
[EventRounds "7"]
[EventCountry "BUL"]
[Source "lmi"]
[SourceDate "2005.10.02"]

1. e4 e5 2. Nf3 Nf6 3. Nxe5 d6 4. Nf3 Nxe4 5. c4 d5 6. Nc3 Nf6 7. cxd5 Nxd5 8.
Bc4 Qe7+ 9. Be2 Be6 10. O-O Nxc3 11. bxc3 Qd8 12. Nd4 Bd6 13. Nxe6 fxe6 14. Qb3
O-O 15. Qxe6+ Kh8 16. d4 c6 17. Bd3 Rf6 18. Qh3 Qg8 19. Bg5 Rf8 20. Rfe1 Na6
21. Re6 Ba3 22. Rb1 Nc7 23. Re4 b5 24. Rh4 g6 25. Rh6 Qf7 26. Qh4 1-0

[Event "Bulgaria tch 2005"]
[Site "Sunny Beach BUL"]
[Date "2005.09.26"]
[Round "1.3"]
[White "Mishev, Liubomir"]
[Black "Velikov, Petar"]
[Result "0-1"]
[WhiteElo "2254"]
[BlackElo "2422"]
[PlyCount "54"]
[EventDate "2005.09.26"]
[EventType "team"]
[EventRounds "7"]
[EventCountry "BUL"]
[Source "lmi"]
[SourceDate "2005.10.02"]

1. e4 c5 2. Nf3 e6 3. d4 cxd4 4. Nxd4 a6 5. Bd3 Nf6 6. O-O Qc7 7. Qe2 d6 8. c4
Nbd7 9. b3 g6 10. Bb2 Bg7 11. Nc3 O-O 12. Rad1 b6 13. Kh1 Bb7 14. f4 Rfe8 15.
Bb1 Rad8 16. Nf3 Nh5 17. Ng5 h6 18. Nxf7 Kxf7 19. e5 Nf8 20. Ne4 d5 21. f5 exf5
22. Rxf5+ Kg8 23. Rxf8+ Rxf8 24. Nf6+ Nxf6 25. exf6 Bxf6 26. Qe6+ Qf7 27. Qxf7+
Kxf7 0-1

[Event "Bulgaria tch 2005"]
[Site "Sunny Beach BUL"]
[Date "2005.09.26"]
[Round "1.3"]
[White "Lukov, Valentin"]
[Black "Rahnev, Alexandr"]
[Result "1-0"]
[WhiteElo "2439"]
[BlackElo "2103"]
[PlyCount "75"]
[EventDate "2005.09.26"]
[EventType "team"]
[EventRounds "7"]
[EventCountry "BUL"]
[Source "lmi"]
[SourceDate "2005.10.02"]

1. Nf3 d5 2. d4 c6 3. c4 Nf6 4. e3 e6 5. Bd3 Nbd7 6. O-O Be7 7. Nc3 O-O 8. e4
dxe4 9. Nxe4 b6 10. Qe2 Bb7 11. Rd1 Qc7 12. Bg5 Rfe8 13. c5 bxc5 14. dxc5 Nxc5
15. Nxc5 Bxc5 16. Bxf6 gxf6 17. Bxh7+ Kg7 18. Rac1 Bd6 19. Bd3 Rad8 20. g3 f5
21. b4 Qe7 22. Ne5 Qf6 23. Nc4 Be7 24. Na5 Ba8 25. a3 e5 26. Ba6 Rxd1+ 27. Rxd1
Rd8 28. Bb7 Bxb7 29. Nxb7 Rd5 30. Rc1 Rb5 31. Na5 Rb6 32. Qc4 Qd6 33. Nxc6 Bg5
34. Qc5 Qg6 35. Rc2 e4 36. Qc3+ Qf6 37. Qxf6+ Bxf6 38. Na5 1-0

[Event "Bulgaria tch 2005"]
[Site "Sunny Beach BUL"]
[Date "2005.09.26"]
[Round "1.3"]
[White "Pelitov, Dimitar"]
[Black "Ivanov, Jordan"]
[Result "1/2-1/2"]
[WhiteElo "2201"]
[BlackElo "2347"]
[PlyCount "72"]
[EventDate "2005.09.26"]
[EventType "team"]
[EventRounds "7"]
[EventCountry "BUL"]
[Source "lmi"]
[SourceDate "2005.10.02"]

1. e4 c5 2. Nf3 e6 3. Nc3 Nc6 4. Bb5 Nd4 5. Bc4 Ne7 6. Nxd4 cxd4 7. Ne2 Nc6 8.
d3 Bc5 9. a3 b5 10. Bb3 Bb7 11. O-O Ne7 12. Nf4 O-O 13. Qg4 Kh8 14. Nh5 Ng6 15.
Bg5 f6 16. Bd2 a5 17. Rae1 a4 18. Ba2 Qb6 19. f4 f5 20. exf5 exf5 21. Qg5 b4
22. Re5 b3 23. cxb3 axb3 24. Bb1 h6 25. Qg3 Kh7 26. Rfe1 Rf7 27. R5e2 Ne7 28.
Qh3 Nd5 29. g4 fxg4 30. Qxg4 Raf8 31. f5 Ne3 32. Bxe3 dxe3 33. d4 Bxd4 34. Qg6+
Kh8 35. f6 gxf6 36. Qxh6+ Kg8 1/2-1/2

[Event "Bulgaria tch 2005"]
[Site "Sunny Beach BUL"]
[Date "2005.09.26"]
[Round "1.4"]
[White "Bochev, Krasimir"]
[Black "Dimitrov, Vladimir"]
[Result "0-1"]
[WhiteElo "2161"]
[BlackElo "2418"]
[PlyCount "68"]
[EventDate "2005.09.26"]
[EventType "team"]
[EventRounds "7"]
[EventCountry "BUL"]
[Source "lmi"]
[SourceDate "2005.10.02"]

1. Nf3 c5 2. c4 g6 3. d4 Bg7 4. g3 cxd4 5. Nxd4 Nc6 6. Nc2 Qb6 7. Nc3 Bxc3+ 8.
bxc3 Qa5 9. Bd2 b6 10. Nb4 Bb7 11. Bg2 Rc8 12. O-O Nd8 13. Bh3 Nf6 14. Nd3 Ne6
15. Qb3 Qh5 16. Bxe6 fxe6 17. Nf4 Qc5 18. Nd3 Qxc4 19. Qxc4 Rxc4 20. f3 d6 21.
Rfb1 e5 22. e4 O-O 23. Rb4 Rc7 24. a4 Nd7 25. Kg2 Ba6 26. Ne1 Bc4 27. a5 b5 28.
Rb2 Nc5 29. Be3 Na4 30. Rd2 Kg7 31. Rc1 Be6 32. Nd3 Rfc8 33. Nb4 Rc4 34. Rd3
Nb2 0-1

[Event "Bulgaria tch 2005"]
[Site "Sunny Beach BUL"]
[Date "2005.09.26"]
[Round "1.4"]
[White "Radulski, Julian"]
[Black "Filev, Georgi"]
[Result "1-0"]
[WhiteElo "2502"]
[BlackElo "2127"]
[PlyCount "95"]
[EventDate "2005.09.26"]
[EventType "team"]
[EventRounds "7"]
[EventCountry "BUL"]
[Source "lmi"]
[SourceDate "2005.10.02"]

1. e4 e5 2. Nf3 Nc6 3. Bb5 f5 4. Bxc6 dxc6 5. Nc3 fxe4 6. Nxe4 Nf6 7. Qe2 Nxe4
8. Qxe4 Bd6 9. d4 O-O 10. dxe5 Qe8 11. O-O Bf5 12. Qc4+ Be6 13. Qc3 Be7 14. Nd4
Bd5 15. f4 Qg6 16. Qg3 Qe4 17. c3 c5 18. Nf3 Rf5 19. Re1 Qa4 20. Be3 Raf8 21.
b3 Qc6 22. Rf1 Kh8 23. c4 Be6 24. Nd2 b6 25. Rad1 Qe8 26. Ne4 Qh5 27. h3 Bh4
28. Qf3 Qg6 29. Qg4 Qh6 30. Qe2 Qg6 31. g4 R5f7 32. Qg2 Bc8 33. f5 Qc6 34. Bg5
Bxg5 35. Nxg5 Qxg2+ 36. Kxg2 Re7 37. e6 h6 38. Nf3 Bb7 39. Kg3 Bxf3 40. Rxf3 g6
41. Rd7 Rxd7 42. exd7 gxf5 43. Rxf5 Rd8 44. Rf7 Kg8 45. Re7 Kf8 46. Re8+ Rxe8
47. dxe8=Q+ Kxe8 48. g5 1-0

[Event "Bulgaria tch 2005"]
[Site "Sunny Beach BUL"]
[Date "2005.09.26"]
[Round "1.4"]
[White "Tashkov, Rumen"]
[Black "Ninov, Nikolai"]
[Result "1/2-1/2"]
[WhiteElo "2259"]
[BlackElo "2493"]
[PlyCount "59"]
[EventDate "2005.09.26"]
[EventType "team"]
[EventRounds "7"]
[EventCountry "BUL"]
[Source "lmi"]
[SourceDate "2005.10.02"]

1. d4 Nf6 2. c4 e6 3. Nf3 d5 4. g3 dxc4 5. Bg2 b5 6. a4 c6 7. O-O Bb7 8. b3
cxb3 9. Qxb3 b4 10. a5 c5 11. Be3 cxd4 12. Bxd4 Bd5 13. Qd3 Nbd7 14. Nbd2 Qb8
15. Rac1 a6 16. e4 Bb7 17. Ng5 Qd8 18. Qb3 Be7 19. Rfd1 Qxa5 20. Nxe6 fxe6 21.
Qxe6 Nf8 22. Qb3 Rd8 23. Nc4 Qb5 24. Ne5 Nd5 25. exd5 Bxd5 26. Bxd5 Qxd5 27.
Qa4+ Qb5 28. Qb3 Qd5 29. Qa4+ Qb5 30. Qb3 1/2-1/2

[Event "Bulgaria tch 2005"]
[Site "Sunny Beach BUL"]
[Date "2005.09.26"]
[Round "1.4"]
[White "Bratanov, Zsivko"]
[Black "Marinov, Antonio"]
[Result "1-0"]
[WhiteElo "2408"]
[BlackElo "2113"]
[PlyCount "113"]
[EventDate "2005.09.26"]
[EventType "team"]
[EventRounds "7"]
[EventCountry "BUL"]
[Source "lmi"]
[SourceDate "2005.10.02"]

1. d4 Nf6 2. c4 e6 3. Nc3 d5 4. Nf3 Be7 5. Qc2 O-O 6. cxd5 exd5 7. Bf4 c6 8. e3
Nbd7 9. h3 Re8 10. Bd3 Nf8 11. O-O-O Ng6 12. Bh2 Bd6 13. Bxd6 Qxd6 14. Kb1 Bd7
15. g4 b5 16. Rc1 Re7 17. g5 b4 18. Na4 Ne4 19. h4 Bg4 20. Ne1 Bh5 21. Nc5 Nxc5
22. Qxc5 Qxc5 23. Rxc5 Re6 24. Kc1 Ne7 25. Kd2 a5 26. Rg1 Bg6 27. Ng2 Bxd3 28.
Kxd3 Kf8 29. h5 Ke8 30. Nf4 Rd6 31. Kd2 Kf8 32. Rgc1 h6 33. gxh6 Rxh6 34. a3
bxa3 35. bxa3 Ke8 36. Rg1 Nf5 37. Kd3 Rd6 38. Rb1 Ne7 39. Rb6 Rd7 40. Rc1 Kf8
41. Rcb1 Rc7 42. a4 Ke8 43. Rb8+ Rxb8 44. Rxb8+ Rc8 45. Rb7 Ra8 46. Ke2 Ra6 47.
Rb8+ Kd7 48. Rf8 g5 49. Nd3 Nf5 50. Rxf7+ Ke6 51. Rf8 Nd6 52. Nc5+ Ke7 53. Rb8
Ra7 54. h6 Kf6 55. Rb6 Rc7 56. h7 Nf7 57. Rb8 1-0

[Event "Bulgaria tch 2005"]
[Site "Sunny Beach BUL"]
[Date "2005.09.26"]
[Round "1.4"]
[White "Slavchev, Sergej"]
[Black "Grigorov, Grigor"]
[Result "0-1"]
[WhiteElo "2101"]
[BlackElo "2400"]
[PlyCount "74"]
[EventDate "2005.09.26"]
[EventType "team"]
[EventRounds "7"]
[EventCountry "BUL"]
[Source "lmi"]
[SourceDate "2005.10.02"]

1. d4 d5 2. c4 e6 3. Nc3 c6 4. e3 Nf6 5. Nf3 Nbd7 6. Bd3 Bd6 7. O-O O-O 8. e4
dxe4 9. Nxe4 Nxe4 10. Bxe4 h6 11. Bc2 e5 12. Re1 exd4 13. Qxd4 Bc5 14. Qc3 Qb6
15. Be3 a5 16. a3 a4 17. Re2 Bxe3 18. Rxe3 Qa5 19. Qd3 Nf6 20. Re5 Qb6 21. c5
Qa5 22. h3 Be6 23. Nd4 Rad8 24. Qe3 Bd7 25. Qd3 Rfe8 26. Rae1 Qxe1+ 27. Rxe1
Rxe1+ 28. Kh2 Bc8 29. Qc3 Ree8 30. Bf5 Ne4 31. Bxe4 Rxe4 32. Nf3 Be6 33. Kg3
Rd7 34. Ne5 Rd5 35. Nf3 g5 36. Nh2 Bf5 37. Ng4 Rxg4+ 0-1

[Event "Bulgaria tch 2005"]
[Site "Sunny Beach BUL"]
[Date "2005.09.26"]
[Round "1.4"]
[White "Kurtenkov, Atanas"]
[Black "Dimitrov, Encho"]
[Result "1-0"]
[WhiteElo "2419"]
[BlackElo "2056"]
[PlyCount "59"]
[EventDate "2005.09.26"]
[EventType "team"]
[EventRounds "7"]
[EventCountry "BUL"]
[Source "lmi"]
[SourceDate "2005.10.02"]

1. Nf3 f5 2. g3 g6 3. Bg2 Bg7 4. O-O Nf6 5. d3 O-O 6. Nbd2 d6 7. e4 fxe4 8.
Nxe4 Nxe4 9. dxe4 c6 10. c3 Bg4 11. Qb3+ e6 12. Nd4 c5 13. Nxe6 Bxe6 14. Qxe6+
Kh8 15. Bf4 Rf6 16. Qd5 h6 17. e5 Rf5 18. Qxb7 dxe5 19. Be3 Nc6 20. Qxc6 Rb8
21. Qxg6 Rf6 22. Qc2 Qe7 23. Rad1 Rbf8 24. Rd5 Rc8 25. Rfd1 Rf7 26. Rd6 Qf8 27.
Qg6 Rb8 28. Be4 Qg8 29. Bxh6 Bf8 30. Rd8 1-0

[Event "Bulgaria tch 2005"]
[Site "Sunny Beach BUL"]
[Date "2005.09.26"]
[Round "1.5"]
[White "Dolmadjan, Arshak"]
[Black "Bojchev, Marian"]
[Result "0-1"]
[WhiteElo "2322"]
[BlackElo "2240"]
[PlyCount "95"]
[EventDate "2005.09.26"]
[EventType "team"]
[EventRounds "7"]
[EventCountry "BUL"]
[Source "lmi"]
[SourceDate "2005.10.02"]

1. e4 c5 2. Nf3 e6 3. d4 cxd4 4. Nxd4 Nf6 5. Nc3 d6 6. Bd3 Nc6 7. Nxc6 bxc6 8.
O-O e5 9. Bg5 Be7 10. Ne2 O-O 11. Ng3 h6 12. Bd2 Be6 13. h3 Nd7 14. Qh5 Bg5 15.
Bxg5 Qxg5 16. Qxg5 hxg5 17. Rfd1 Rfd8 18. c4 Rab8 19. b3 g6 20. Be2 Nc5 21. Rd2
Kf8 22. f3 Ke7 23. Rb1 a5 24. Rdb2 Rb7 25. Nf1 Rdb8 26. Nd2 a4 27. Kf2 f5 28.
Ke1 Na6 29. a3 axb3 30. Rxb3 Rxb3 31. Rxb3 Kd7 32. Rxb8 Nxb8 33. Nb3 Kc7 34.
Kd2 c5 35. Kc3 Nc6 36. Bd1 Kb6 37. Na1 Nd4 38. Nc2 f4 39. Ne1 Ka5 40. Nd3 Bd7
41. Nb2 Bc6 42. Kd2 Ne6 43. Ke1 Ng7 44. Kf2 Nh5 45. Bc2 Nf6 46. Ke1 Nd7 47. Kd2
Nb6 48. Kc3 0-1

[Event "Bulgaria tch 2005"]
[Site "Sunny Beach BUL"]
[Date "2005.09.26"]
[Round "1.5"]
[White "Gochev, Mladen"]
[Black "Cheparinov, Nedelcho"]
[Result "0-1"]
[WhiteElo "2254"]
[BlackElo "2216"]
[PlyCount "82"]
[EventDate "2005.09.26"]
[EventType "team"]
[EventRounds "7"]
[EventCountry "BUL"]
[Source "lmi"]
[SourceDate "2005.10.02"]

1. d4 Nf6 2. g3 e6 3. Bg2 d5 4. Nc3 c5 5. e3 Nc6 6. Nge2 Be7 7. O-O O-O 8. b3
a6 9. a4 Qc7 10. Bb2 Rd8 11. Nf4 cxd4 12. exd4 Nb4 13. Nd3 Nxd3 14. Qxd3 Bd7
15. Rfc1 Rdc8 16. Nd1 Bc6 17. Ne3 b5 18. a5 b4 19. Re1 Bb5 20. Qd1 Bd6 21. Ra2
Nd7 22. f4 g6 23. Bc1 Nf6 24. Nf1 Rd8 25. Kh1 Ne4 26. Qf3 f5 27. Ne3 Bf8 28.
Bb2 Bg7 29. Raa1 Rac8 30. Bf1 Nd2 31. Qg2 Nxf1 32. Rxf1 Bxf1 33. Qxf1 Qa7 34.
Qd3 Rc6 35. Ng2 Rdc8 36. Ne1 Kf7 37. Rd1 Qc7 38. Rd2 Qxa5 39. Re2 Qa2 40. Bc1
Qa1 41. Be3 Rc3 0-1

[Event "Bulgaria tch 2005"]
[Site "Sunny Beach BUL"]
[Date "2005.09.26"]
[Round "1.5"]
[White "Kostadinov, Rumen"]
[Black "Ilchev, Dimitar"]
[Result "1-0"]
[WhiteElo "2251"]
[BlackElo "2019"]
[PlyCount "105"]
[EventDate "2005.09.26"]
[EventType "team"]
[EventRounds "7"]
[EventCountry "BUL"]
[Source "lmi"]
[SourceDate "2005.10.02"]

1. d4 d5 2. Nf3 Nf6 3. e3 e6 4. Nbd2 Be7 5. Bd3 O-O 6. O-O b6 7. b3 Bb7 8. Bb2
Nbd7 9. Ne5 Nxe5 10. dxe5 Nd7 11. f4 f5 12. Nf3 Nc5 13. Be2 Ne4 14. Qc1 c5 15.
Rd1 Qc7 16. c4 Rfd8 17. Qc2 Rac8 18. a4 a5 19. Nd2 Nxd2 20. Rxd2 Bc6 21. Rad1
g6 22. Bf3 dxc4 23. Qxc4 Kf7 24. e4 Rxd2 25. Rxd2 Rd8 26. Rxd8 Bxd8 27. exf5
gxf5 28. Bh5+ Ke7 29. Qc3 Kf8 30. Be2 Bd5 31. Bc1 Qg7 32. Bf1 Qd7 33. Be3 Bh4
34. h3 Qg7 35. Bf2 Bxf2+ 36. Kxf2 Qh6 37. Qe3 Qh4+ 38. Kg1 Ke8 39. Kh2 Kf8 40.
Bc4 Qe7 41. Qd3 Qd7 42. g4 fxg4 43. hxg4 Qf7 44. Kg3 Bxc4 45. Qd8+ Kg7 46. bxc4
Qg6 47. Qe7+ Kg8 48. Qd8+ Kf7 49. Kf3 h5 50. g5 Qc2 51. Qf6+ Kg8 52. Qxe6+ Kf8
53. Qf6+ 1-0

[Event "Bulgaria tch 2005"]
[Site "Sunny Beach BUL"]
[Date "2005.09.26"]
[Round "1.7"]
[White "Nikolov, Momchil"]
[Black "Stojanov, Svetlin"]
[Result "1-0"]
[WhiteElo "2400"]
[BlackElo "2317"]
[PlyCount "59"]
[EventDate "2005.09.26"]
[EventType "team"]
[EventRounds "7"]
[EventCountry "BUL"]
[Source "lmi"]
[SourceDate "2005.10.02"]

1. d4 d6 2. Nf3 Nf6 3. c4 g6 4. Nc3 Bf5 5. Nh4 Bd7 6. e4 e5 7. Nf3 Nc6 8. d5
Ne7 9. c5 Bg7 10. cxd6 cxd6 11. Qb3 Bc8 12. Be2 O-O 13. O-O Ne8 14. Be3 h6 15.
Nd2 f5 16. f3 Kh7 17. Rac1 h5 18. Nc4 Bh6 19. Bxh6 Kxh6 20. f4 exf4 21. Rxf4 g5
22. Rf2 f4 23. Qb4 Ng6 24. e5 dxe5 25. Bd3 Bf5 26. Bxf5 Rxf5 27. Qxb7 e4 28.
Re1 Qc8 29. Qxc8 Rxc8 30. Rxe4 1-0